000 00458nam a2200181Ia 4500
001 7605
005 20260306160507.0
008 260306t2010||||xx |||||||||||||| ||spa||
041 _aESP
082 _a352.2
_bM43
100 _aMerino, Mauricio
_eAUT
245 0 _aProblemas, decisiones y soluciones:
_benfoques de política pública
260 _c2010
300 _a323 páginas :
_c21 cm.
650 _aGEN
654 _aCAN
942 _cLIB
_dJUS
_fJUS
_2ddc
_n
999 _c7605
_d7605